[Event "9MCR_4D_1L_2S"]
[Site "?"]
[Date "2010.??.??"]
[Round "?"]
[White "Dedina, Miroslav"]
[Black "Koukal, Vladimir"]
[Result "1/2-1/2"]
[WhiteElo "2238"]
[BlackElo "2236"]
[Annotator "046"]
[PlyCount "87"]
[EventDate "2010.??.??"]
[EventType "corr"]
[SourceDate "2002.06.29"]

1. e4 e5 2. Nf3 Nc6 3. Bb5 a6 4. Ba4 Nf6 5. O-O Be7 6. Re1 d6 7. c3 O-O 8. d4
Bd7 9. d5 Nb8 10. Bxd7 Nbxd7 11. c4 c6 12. Nc3 Re8 13. Be3 Ng4 14. Bd2 Nc5 15.
Qc2 Qc7 16. Rac1 Nd7 17. b3 Rec8 18. dxc6 bxc6 19. Na4 a5 20. c5 Nxc5 21. Nxc5
dxc5 22. Bc3 Bd6 23. Nd2 Qe7 24. Nc4 Bc7 25. f3 Nf6 26. Red1 Nh5 27. g3 Nf6 28.
Nb2 Nd7 29. Be1 Nf8 30. Bf2 Ne6 31. Na4 Nd4 32. Qxc5 Qxc5 33. Rxc5 Nxf3+ 34.
Kg2 Ng5 35. Rc4 Bd8 36. Rdc1 Kf8 37. Be3 Ne6 38. Rxc6 Rxc6 39. Rxc6 Ke7 40. Nb2
Bc7 41. Kf3 h5 42. Ke2 f6 43. Na4 Kd7 44. Rc2 1/2-1/2

[Event "9MCR_4D_1L_2S"]
[Site "?"]
[Date "2010.??.??"]
[Round "?"]
[White "Dedina, Miroslav"]
[Black "Kudr, Roman"]
[Result "1/2-1/2"]
[WhiteElo "2238"]
[BlackElo "2208"]
[Annotator "043"]
[PlyCount "44"]
[EventDate "2010.??.??"]
[EventType "corr"]
[SourceDate "2002.06.29"]

1. e4 e5 2. Nf3 Nc6 3. Bb5 a6 4. Ba4 Nf6 5. d3 b5 6. Bb3 Be7 7. O-O Bb7 8. Nc3
O-O 9. Nd5 Na5 10. Nxe7+ Qxe7 11. Nh4 d5 12. Nf5 Qe6 13. f3 Nxb3 14. axb3 Ne8
15. Be3 d4 16. Bf2 Nd6 17. Nxd6 Qxd6 18. Bg3 c5 19. f4 exf4 20. Rxf4 Qd7 21.
Qd2 f6 22. Raf1 Rac8 1/2-1/2

[Event "9MCR_4D_1L_2S"]
[Site "?"]
[Date "2010.??.??"]
[Round "?"]
[White "Dedina, Miroslav"]
[Black "Kuta, Miroslav"]
[Result "1/2-1/2"]
[WhiteElo "2238"]
[BlackElo "2285"]
[Annotator "010"]
[PlyCount "51"]
[EventDate "2010.??.??"]
[EventType "corr"]
[SourceDate "2002.06.29"]

1. e4 e5 2. Nf3 Nf6 3. d4 exd4 4. e5 Ne4 5. Qxd4 d5 6. exd6 Nxd6 7. Nc3 Nc6 8.
Qf4 Nf5 9. Bb5 Bd6 10. Qe4+ Qe7 11. Bd2 Bd7 12. O-O-O Qxe4 13. Nxe4 Be7 14.
Rhe1 O-O-O 15. Neg5 Rdf8 16. Bc3 h6 17. Ne4 Rd8 18. Ng3 Nxg3 19. Bxc6 Bxc6 20.
Rxe7 Ne4 21. Rxd8+ Kxd8 22. Rxf7 Nxc3 23. bxc3 g5 24. g3 Bxf3 25. Rxf3 Ke7 26.
c4 1/2-1/2

[Event "9MCR_4D_1L_2S"]
[Site "?"]
[Date "2010.??.??"]
[Round "?"]
[White "Dedina, Miroslav"]
[Black "Nedoma, Petr"]
[Result "1/2-1/2"]
[WhiteElo "2238"]
[BlackElo "2285"]
[Annotator "045"]
[PlyCount "65"]
[EventDate "2010.??.??"]
[EventType "corr"]
[SourceDate "2002.06.29"]

1. e4 c5 2. Nf3 Nc6 3. d4 cxd4 4. Nxd4 Nf6 5. Nc3 e5 6. Ndb5 d6 7. Bg5 a6 8.
Na3 b5 9. Bxf6 gxf6 10. Nd5 f5 11. Bd3 Be6 12. O-O Bg7 13. Qh5 h6 14. c3 O-O
15. Nc2 Qg5 16. Qxg5 hxg5 17. a4 bxa4 18. Nc7 Rab8 19. exf5 Bb3 20. Ne3 Ne7 21.
Nxa6 Rb6 22. Nb4 d5 23. Bc2 Bxc2 24. Nexc2 Ra8 25. g4 d4 26. Ra3 Nc6 27. Rfa1
Bf8 28. Rxa4 Rab8 29. Nxc6 Rxc6 30. R1a2 dxc3 31. bxc3 Rxc3 32. Ne3 Rd3 33. Nf1
1/2-1/2

[Event "9MCR_4D_1L_2S"]
[Site "?"]
[Date "2010.??.??"]
[Round "?"]
[White "Dedina, Miroslav"]
[Black "Paulik, Vaclav"]
[Result "1/2-1/2"]
[WhiteElo "2238"]
[BlackElo "2184"]
[Annotator "017"]
[PlyCount "67"]
[EventDate "2010.??.??"]
[EventType "corr"]
[SourceDate "2002.06.29"]

1. e4 c5 2. Nf3 Nc6 3. d4 cxd4 4. Nxd4 Nf6 5. Nc3 e5 6. Ndb5 d6 7. Bg5 a6 8.
Na3 b5 9. Nd5 Be7 10. Bxf6 Bxf6 11. c3 Bg5 12. Nc2 O-O 13. a4 bxa4 14. Rxa4 a5
15. Bc4 Rb8 16. b3 Kh8 17. h4 Bh6 18. Nce3 Bxe3 19. Nxe3 Ne7 20. h5 h6 21. Qd3
f5 22. O-O f4 23. Nc2 Ng8 24. Rd1 Nf6 25. Ne1 Qb6 26. Nf3 Bd7 27. Ra2 Bc6 28.
Re1 Rfd8 29. Nh4 Bxe4 30. Rxe4 d5 31. Rxe5 dxc4 32. Ng6+ Kh7 33. Qf5 cxb3 34.
Ne7+ 1/2-1/2

[Event "9MCR_4D_1L_2S"]
[Site "?"]
[Date "2010.??.??"]
[Round "?"]
[White "Dedina, Miroslav"]
[Black "Strnad, Jiri"]
[Result "1/2-1/2"]
[WhiteElo "2238"]
[BlackElo "2231"]
[Annotator "049"]
[PlyCount "50"]
[EventDate "2010.??.??"]
[EventType "corr"]
[SourceDate "2002.06.29"]

1. e4 e5 2. Nf3 Nc6 3. Bb5 a6 4. Ba4 Nf6 5. d3 d6 6. c3 g6 7. Bg5 Bg7 8. Nbd2
h6 9. Bh4 O-O 10. Nf1 b5 11. Bb3 Na5 12. Bc2 d5 13. N1d2 Nc6 14. O-O g5 15. Bg3
dxe4 16. Nxe4 Nd5 17. h3 f5 18. Bb3 Be6 19. Re1 Bf7 20. Nc5 Re8 21. Bh2 f4 22.
Nd2 Na5 23. Bc2 Qc8 24. Nde4 Nb7 25. Bb3 Nxc5 1/2-1/2

[Event "9MCR_4D_1L_2S"]
[Site "?"]
[Date "2010.??.??"]
[Round "?"]
[White "Hostinsky, Jiri"]
[Black "Dedina, Miroslav"]
[Result "1/2-1/2"]
[WhiteElo "2381"]
[BlackElo "2238"]
[Annotator "057"]
[PlyCount "63"]
[EventDate "2010.??.??"]
[EventType "corr"]
[SourceDate "2002.06.29"]

1. e4 e5 2. Nf3 Nc6 3. Bc4 Nf6 4. Ng5 d5 5. exd5 Na5 6. Bb5+ c6 7. dxc6 bxc6 8.
Bd3 Nd5 9. Nf3 Bd6 10. O-O Nf4 11. Re1 Nxd3 12. cxd3 O-O 13. Nxe5 Re8 14. d4 f6
15. Nf3 Bg4 16. Re3 Bf4 17. Nc3 Bxe3 18. fxe3 Rc8 19. Qf1 Nb7 20. b3 Qa5 21.
Qc4+ Be6 22. Qe2 Bf7 23. Bb2 c5 24. d5 Qd8 25. Qc4 Nd6 26. Qg4 Bg6 27. Re1 Qb6
28. Ne2 Qa6 29. Nf4 Bf5 30. Qh4 Rf8 31. Ra1 Rf7 32. Qf2 1/2-1/2

[Event "9MCR_4D_1L_2S"]
[Site "?"]
[Date "2010.??.??"]
[Round "?"]
[White "Hostinsky, Jiri"]
[Black "Koukal, Vladimir"]
[Result "1/2-1/2"]
[WhiteElo "2381"]
[BlackElo "2326"]
[Annotator "058"]
[PlyCount "95"]
[EventDate "2010.??.??"]
[EventType "corr"]
[SourceDate "2002.06.29"]

1. e4 e5 2. Nf3 Nc6 3. Bc4 Bc5 4. c3 Nf6 5. d3 O-O 6. Bb3 d5 7. Nbd2 dxe4 8.
dxe4 Qe7 9. O-O a6 10. Qc2 Be6 11. Re1 Ng4 12. Re2 Rad8 13. Nf1 Bxb3 14. axb3
Qe6 15. b4 Bb6 16. h3 Nf6 17. Be3 Nh5 18. Bxb6 cxb6 19. Ne3 Nf4 20. Rd2 Rxd2
21. Qxd2 Rd8 22. Qc2 Rd7 23. h4 b5 24. Ne1 Rd6 25. g3 Qd7 26. Rd1 Rxd1 27. Qxd1
Qxd1 28. Nxd1 Ne2+ 29. Kg2 Nc1 30. Ne3 Ne7 31. Nf5 Nc8 32. f4 exf4 33. gxf4 g6
34. Ne3 f6 35. Kf3 Kf7 36. e5 Ke6 37. Ke4 f5+ 38. Kf3 Ne7 39. N1c2 Nc6 40. Nd4+
Nxd4+ 41. cxd4 Nd3 42. d5+ Kd7 43. Nc2 Nxb2 44. Ke2 Nc4 45. Kd3 h6 46. Kd4 Ke8
47. Kc5 Kd7 48. Kd4 1/2-1/2

[Event "9MCR_4D_1L_2S"]
[Site "?"]
[Date "2010.??.??"]
[Round "?"]
[White "Hostinsky, Jiri"]
[Black "Mikoska, Josef"]
[Result "1/2-1/2"]
[WhiteElo "2381"]
[BlackElo "2242"]
[Annotator "024"]
[PlyCount "41"]
[EventDate "2010.??.??"]
[EventType "corr"]
[SourceDate "2002.06.29"]

1. e4 e5 2. Nf3 Nc6 3. Bc4 Bc5 4. c3 Nf6 5. d3 d6 6. O-O a6 7. d4 Ba7 8. dxe5
Nxe5 9. Nxe5 dxe5 10. Qxd8+ Kxd8 11. Nd2 Ke7 12. Nf3 Nxe4 13. Nxe5 Kf6 14. Nxf7
Re8 15. Bd5 Bd7 16. Bxe4 Rxe4 17. Ng5 Re2 18. Nxh7+ Kg6 19. Ng5 Rf8 20. Nf3
Rxf3 21. gxf3 1/2-1/2

[Event "9MCR_4D_1L_2S"]
[Site "?"]
[Date "2010.??.??"]
[Round "?"]
[White "Hostinsky, Jiri"]
[Black "Paulik, Vaclav"]
[Result "1/2-1/2"]
[WhiteElo "2381"]
[BlackElo "2184"]
[Annotator "051"]
[PlyCount "57"]
[EventDate "2010.??.??"]
[EventType "corr"]
[SourceDate "2002.06.29"]

1. e4 c5 2. Nf3 Nc6 3. d4 cxd4 4. Nxd4 Nf6 5. Nc3 e5 6. Ndb5 d6 7. Bg5 a6 8.
Na3 b5 9. Bxf6 gxf6 10. Nd5 f5 11. Bd3 Be6 12. O-O Bxd5 13. exd5 Ne7 14. Nxb5
Bg7 15. Nc3 e4 16. Bc4 Qc7 17. Qe2 Bxc3 18. bxc3 O-O 19. Rab1 Ng6 20. Rb3 Ne5
21. Bxa6 Kh8 22. a4 Rg8 23. g3 Nf3+ 24. Kg2 Qd8 25. Bb5 Qh4 26. Rh1 Qh5 27. Bc6
Nh4+ 28. Kf1 Nf3 29. Kg2 1/2-1/2

[Event "9MCR_4D_1L_2S"]
[Site "?"]
[Date "2010.??.??"]
[Round "?"]
[White "Hostinsky, Jiri"]
[Black "Schwarz, Jan"]
[Result "1-0"]
[WhiteElo "2381"]
[BlackElo "2255"]
[Annotator "078"]
[PlyCount "147"]
[EventDate "2010.??.??"]
[EventType "corr"]
[SourceDate "2002.06.29"]

1. e4 c5 2. Nf3 d6 3. d4 cxd4 4. Nxd4 a6 5. Nc3 e6 6. Be3 b5 7. f3 b4 8. Nb1 e5
9. Nb3 Nf6 10. a3 d5 11. axb4 Bxb4+ 12. c3 Be7 13. exd5 Qxd5 14. N1d2 O-O 15.
Bc4 Qb7 16. O-O Qc7 17. Na5 Bf5 18. Qe2 Nbd7 19. Kh1 Bg6 20. b4 Rfe8 21. Nab3
e4 22. fxe4 Bd6 23. Bg1 Bh5 24. Qf2 Bg6 25. Ra5 Ne5 26. Nc5 Bxc5 27. Rxc5 Qb7
28. Re1 Nxc4 29. Rxc4 Bxe4 30. Nxe4 Nxe4 31. Qf4 Nf6 32. Rxe8+ Rxe8 33. Rc7 Qd5
34. c4 Qd3 35. Rb7 h5 36. Qc7 Rf8 37. Rb8 Rxb8 38. Qxb8+ Kh7 39. Qf4 Qe4 40.
Qxe4+ Nxe4 41. b5 axb5 42. cxb5 Kg6 43. b6 Nd6 44. Bc5 Nb7 45. Bd4 f6 46. Kg1
Kf5 47. Kf2 Ke4 48. Bb2 Kf4 49. Ba3 Ke4 50. Bf8 g6 51. Be7 f5 52. Kg3 f4+ 53.
Kf2 Kf5 54. h4 Ke4 55. Ke2 Na5 56. Bg5 Nb7 57. Kd2 Nc5 58. Be7 Nb7 59. Kc3 Kd5
60. Kd3 Na5 61. Bg5 f3 62. gxf3 Nb7 63. Bf4 Na5 64. Bc7 Kc6 65. Kd4 Nb3+ 66.
Ke3 Kb7 67. f4 Kc6 68. Ke4 Nd2+ 69. Kd3 Nf3 70. Bd8 Ne1+ 71. Ke4 Kb7 72. Bf6
Kc6 73. Bd4 Nc2 74. Bf2 1-0

[Event "9MCR_4D_1L_2S"]
[Site "?"]
[Date "2010.??.??"]
[Round "?"]
[White "Koukal, Vladimir"]
[Black "Cerveny, Libor"]
[Result "1/2-1/2"]
[WhiteElo "2236"]
[BlackElo "2050"]
[Annotator "015"]
[PlyCount "121"]
[EventDate "2010.??.??"]
[EventType "corr"]
[SourceDate "2002.06.29"]

1. e4 e6 2. d4 d5 3. Nc3 Nf6 4. Bg5 Bb4 5. e5 h6 6. Bd2 Bxc3 7. bxc3 Ne4 8. Bd3
Nxd2 9. Qxd2 c5 10. Nf3 c4 11. Be2 O-O 12. h4 Nc6 13. g4 Ne7 14. g5 h5 15. Ng1
g6 16. Nh3 Nf5 17. Nf4 Ng7 18. O-O Nf5 19. Ng2 Bd7 20. Rfb1 b5 21. Bf3 Qa5 22.
a3 Rab8 23. Rb4 Qc7 24. Qf4 a6 25. Ne3 Nxe3 26. fxe3 Bc6 27. Bg2 Rb7 28. Qf2
Qe7 29. Rb2 Rfb8 30. Kh2 a5 31. Rba2 Qd8 32. Qd2 Qe7 33. Qe1 Qd8 34. Qc1 Qe7
35. Rb1 Qd8 36. Qd2 Qe7 37. Rf1 Qd8 38. Raa1 Qe7 39. Qe1 Qd8 40. Kh3 Qe7 41.
Rf2 Qd8 42. Kh2 Qe7 43. Qc1 Qd8 44. Qb2 Qe7 45. Raf1 Rf8 46. Rf6 Kg7 47. Qc1
Rbb8 48. Bh3 Bd7 49. Qa1 Rbc8 50. Bg2 Bc6 51. Rb1 Rb8 52. Bh3 Bd7 53. Rf2 Kg8
54. Bg2 Bc6 55. Qb2 Rb7 56. Bh3 Bd7 57. Rf6 Rbb8 58. Rbf1 Kg7 59. R1f2 Rbd8 60.
Bg2 Bc6 61. Rf1 1/2-1/2

[Event "9MCR_4D_1L_2S"]
[Site "?"]
[Date "2010.??.??"]
[Round "?"]
[White "Koukal, Vladimir"]
[Black "Kudr, Roman"]
[Result "1/2-1/2"]
[WhiteElo "2236"]
[BlackElo "2208"]
[Annotator "054"]
[PlyCount "90"]
[EventDate "2010.??.??"]
[EventType "corr"]
[SourceDate "2002.06.29"]

1. e4 e5 2. Nf3 Nc6 3. Bb5 a6 4. Ba4 Nf6 5. O-O b5 6. Bb3 Bb7 7. Re1 Bc5 8. c3
d6 9. a4 O-O 10. d4 Bb6 11. Bg5 h6 12. Bh4 exd4 13. cxd4 g5 14. Bg3 Re8 15. d5
Na5 16. Bc2 b4 17. Qd3 b3 18. Bxb3 Nxb3 19. Qxb3 Rb8 20. Nbd2 Bxd5 21. Qd3 Bb7
22. b4 a5 23. b5 Nd7 24. Qc3 Rc8 25. Rad1 Bc5 26. Qxa5 Ra8 27. Qc3 Rxa4 28. e5
Nb6 29. Qc2 Qd7 30. Nb3 Bxf3 31. Nxc5 Bxd1 32. Rxd1 Qxb5 33. Nxa4 Qxa4 34. Qxa4
Nxa4 35. exd6 Nc3 36. d7 Ne2+ 37. Kf1 Nxg3+ 38. hxg3 Rd8 39. Ke2 Kf8 40. Kf3
Ke7 41. Rh1 c5 42. Rxh6 f6 43. g4 Rxd7 44. Ke3 Ke6 45. g3 Ra7 1/2-1/2

[Event "9MCR_4D_1L_2S"]
[Site "?"]
[Date "2010.??.??"]
[Round "?"]
[White "Koukal, Vladimir"]
[Black "Kuta, Miroslav"]
[Result "1/2-1/2"]
[WhiteElo "2236"]
[BlackElo "2285"]
[Annotator "004"]
[PlyCount "40"]
[EventDate "2010.??.??"]
[EventType "corr"]
[SourceDate "2002.06.29"]

1. e4 e5 2. Nf3 Nf6 3. d4 exd4 4. e5 Ne4 5. Qxd4 d5 6. exd6 Nxd6 7. Nc3 Nc6 8.
Qf4 Nf5 9. Nb5 Bb4+ 10. c3 Ba5 11. Be2 O-O 12. O-O Bb6 13. Rd1 Qe7 14. Bd3 a6
15. Bxf5 Qe2 16. Be3 Bxe3 17. Qxe3 Qxe3 18. fxe3 axb5 19. Bxc8 Rfxc8 20. Nd4
Nxd4 1/2-1/2

[Event "9MCR_4D_1L_2S"]
[Site "?"]
[Date "2010.??.??"]
[Round "?"]
[White "Koukal, Vladimir"]
[Black "Nedoma, Petr"]
[Result "0-1"]
[WhiteElo "2236"]
[BlackElo "2285"]
[Annotator "034"]
[PlyCount "115"]
[EventDate "2010.??.??"]
[EventType "corr"]
[SourceDate "2002.06.29"]

1. e4 c5 2. Nf3 Nc6 3. d4 cxd4 4. Nxd4 Nf6 5. Nc3 e5 6. Ndb5 d6 7. Nd5 Nxd5 8.
exd5 Nb8 9. Bd3 a6 10. Nc3 Be7 11. O-O O-O 12. a4 Nd7 13. Qh5 g6 14. Qd1 Nc5
15. Be2 Qa5 16. Nb1 Ne4 17. Na3 Nf6 18. c4 Ne4 19. Bd3 Nc5 20. Bc2 Qb6 21. Rb1
a5 22. Bh6 Re8 23. Nb5 Bd7 24. Bd2 f5 25. Re1 Bf6 26. b3 e4 27. Be3 Bxb5 28.
axb5 Qc7 29. Kh1 Be5 30. f3 exf3 31. gxf3 Bc3 32. Re2 Qf7 33. Bf4 Rxe2 34. Qxe2
Re8 35. Qg2 Qf6 36. Rd1 Be1 37. h3 Kf7 38. Bh2 Qc3 39. Bg1 Bh4 40. Bd4 Re1+ 41.
Rxe1 Qxe1+ 42. Qg1 Qd2 43. Qd1 Qh6 44. Qf1 Qf4 45. Bg1 Bg3 46. Qe2 Qh4 47. Qf1
Nd7 48. Be3 Nf6 49. Bd3 Nh5 50. Kg1 Nf4 51. Bxf4 Bxf4 52. Kh1 Be5 53. Be2 h5
54. Bd3 Kf8 55. Qg2 Qe1+ 56. Qf1 Qe3 57. Kg2 Qf4 58. Qf2 0-1

[Event "9MCR_4D_1L_2S"]
[Site "?"]
[Date "2010.??.??"]
[Round "?"]
[White "Koukal, Vladimir"]
[Black "Strnad, Jiri"]
[Result "1/2-1/2"]
[WhiteElo "2136"]
[BlackElo "2231"]
[Annotator "012"]
[PlyCount "56"]
[EventDate "2010.??.??"]
[EventType "corr"]
[SourceDate "2002.06.29"]

1. e4 e5 2. Nf3 Nc6 3. Bb5 a6 4. Ba4 Nf6 5. O-O Be7 6. Nc3 d6 7. Bxc6+ bxc6 8.
d4 exd4 9. Nxd4 Bd7 10. Re1 O-O 11. Qf3 Rb8 12. Rb1 Re8 13. a3 Qc8 14. Bg5 h6
15. Bh4 Ng4 16. Bxe7 Rxe7 17. b4 Ne5 18. Qg3 Re8 19. Nce2 a5 20. Nf4 axb4 21.
axb4 Qd8 22. h3 Qf6 23. c3 Ra8 24. Nd3 Nxd3 25. Qxd3 Ra2 26. Qg3 h5 27. h4 Qe7
28. Re3 Qe5 1/2-1/2

[Event "9MCR_4D_1L_2S"]
[Site "?"]
[Date "2010.??.??"]
[Round "?"]
[White "Koukal, Vladimir"]
[Black "Trs, Jan"]
[Result "1-0"]
[WhiteElo "2236"]
[BlackElo "2162"]
[Annotator "062"]
[PlyCount "93"]
[EventDate "2010.??.??"]
[EventType "corr"]
[SourceDate "2002.06.29"]

1. e4 c6 2. d4 d5 3. exd5 cxd5 4. c4 Nf6 5. Nc3 e6 6. Nf3 Be7 7. cxd5 exd5 8.
Bb5+ Nc6 9. Ne5 Bd7 10. O-O O-O 11. Bg5 Nxe5 12. dxe5 Ne4 13. Bxe7 Nxc3 14.
Bxd8 Nxd1 15. Bxd7 Rfxd8 16. e6 Nxb2 17. Rab1 Nc4 18. Rxb7 Kf8 19. h4 Nd6 20.
Rc7 Rab8 21. Rd1 fxe6 22. Bxe6 Re8 23. Bxd5 Re7 24. Rdc1 Rb1 25. R7c6 Rxc1+ 26.
Rxc1 Re5 27. Bb3 g6 28. Rc6 Ne4 29. Rc8+ Re8 30. Rxe8+ Kxe8 31. g4 Ke7 32. Kg2
h6 33. Kf3 Nd6 34. g5 hxg5 35. hxg5 Nb7 36. Bc2 Kf7 37. Ke4 Nd8 38. Bb3+ Ke7
39. Bd5 Kd6 40. a4 a5 41. f3 Ne6 42. Bxe6 Kxe6 43. f4 Kd6 44. f5 Ke7 45. f6+
Ke6 46. Kd4 Kd6 47. Kc4 1-0

[Event "9MCR_4D_1L_2S"]
[Site "?"]
[Date "2010.??.??"]
[Round "?"]
[White "Kudr, Roman"]
[Black "Cerveny, Libor"]
[Result "1-0"]
[WhiteElo "2208"]
[BlackElo "2050"]
[Annotator "041"]
[PlyCount "81"]
[EventDate "2010.??.??"]
[EventType "corr"]
[SourceDate "2002.06.29"]

1. d4 d5 2. Nf3 Nf6 3. c4 e6 4. Nc3 Be7 5. Bg5 Nbd7 6. e3 h6 7. Bh4 O-O 8. Rc1
c6 9. Bd3 dxc4 10. Bxc4 b5 11. Bd3 b4 12. Bxf6 Nxf6 13. Ne4 Bb7 14. Ne5 c5 15.
Nxc5 Bxg2 16. Rg1 Bd5 17. e4 Bxa2 18. Nc6 Qc7 19. e5 Nh7 20. Nxe7+ Qxe7 21. b3
Rfd8 22. Rg3 Rac8 23. Rc4 Qh4 24. Nxe6 fxe6 25. Bxh7+ Kh8 26. Rxc8 Rxc8 27. Bc2
Qf4 28. Rg4 Qxh2 29. Qf3 Qh5 30. Qb7 Rg8 31. Qe4 Qf5 32. Qxf5 exf5 33. Rg6 Rc8
34. Kd2 Rc3 35. e6 Rc8 36. Rg1 Kg8 37. Re1 a5 38. d5 a4 39. d6 axb3 40. Bd3 b2
41. e7 1-0

[Event "9MCR_4D_1L_2S"]
[Site "?"]
[Date "2010.??.??"]
[Round "?"]
[White "Kudr, Roman"]
[Black "Hostinsky, Jiri"]
[Result "0-1"]
[WhiteElo "2208"]
[BlackElo "2381"]
[Annotator "065"]
[PlyCount "82"]
[EventDate "2010.??.??"]
[EventType "corr"]
[SourceDate "2002.06.29"]

1. d4 Nf6 2. c4 g6 3. Nc3 Bg7 4. e4 d6 5. Nf3 O-O 6. Be2 e5 7. O-O Nc6 8. d5
Ne7 9. b4 Nh5 10. Re1 f5 11. Ng5 Nf6 12. Bf3 c6 13. Be3 Kh8 14. a4 Ne8 15. dxc6
bxc6 16. exf5 gxf5 17. Bh5 Ng6 18. h4 f4 19. Bc1 Nxh4 20. Nce4 Bf5 21. Bg4 Bh6
22. Bxf5 Rxf5 23. Nf3 d5 24. cxd5 cxd5 25. Nc5 e4 26. Bb2+ Bg7 27. Bxg7+ Nxg7
28. Nxe4 Nxf3+ 29. Qxf3 dxe4 30. Qxe4 Qd5 31. Rad1 Qxe4 32. Rxe4 Nh5 33. b5 Nf6
34. Re7 f3 35. gxf3 Nd5 36. Rb7 Rg8+ 37. Kf1 Rh5 38. Rd4 Rh1+ 39. Ke2 Nc3+ 40.
Kd3 Rd1+ 41. Kxc3 Rc8+ 0-1

[Event "9MCR_4D_1L_2S"]
[Site "?"]
[Date "2010.??.??"]
[Round "?"]
[White "Kudr, Roman"]
[Black "Mikoska, Josef"]
[Result "1/2-1/2"]
[WhiteElo "2208"]
[BlackElo "2242"]
[Annotator "068"]
[PlyCount "96"]
[EventDate "2010.??.??"]
[EventType "corr"]
[SourceDate "2002.06.29"]

1. d4 Nf6 2. c4 g6 3. Nc3 d5 4. Nf3 Bg7 5. Bf4 O-O 6. e3 c5 7. dxc5 Qa5 8. Rc1
dxc4 9. Bxc4 Qxc5 10. Bb3 Nc6 11. O-O Qh5 12. h3 Rd8 13. Qe2 e5 14. Bh2 e4 15.
Nd4 Qxe2 16. Ncxe2 Bd7 17. Rfd1 a6 18. Bc7 Re8 19. Nxc6 Bxc6 20. Ba5 Rac8 21.
Nf4 Re7 22. g4 Rd7 23. Ne6 fxe6 24. Bxe6+ Kf8 25. Bxd7 Nxd7 26. Rxc6 bxc6 27.
Rxd7 Bxb2 28. Kf1 c5 29. Rb7 Bf6 30. Rb6 Kf7 31. Rxa6 c4 32. Ra7+ Ke6 33. Ke1
Be5 34. Kd1 Rf8 35. Be1 Rb8 36. Kc1 c3 37. Ra3 Rb2 38. h4 h5 39. Bxc3 Bxc3 40.
Rxc3 Rxa2 41. Rc6+ Kf7 42. gxh5 gxh5 43. Rc2 Ra1+ 44. Kd2 Rh1 45. Rc4 Rxh4 46.
f4 Rg4 47. Rxe4 h4 48. Re5 Kg6 1/2-1/2

[Event "9MCR_4D_1L_2S"]
[Site "?"]
[Date "2010.??.??"]
[Round "?"]
[White "Kudr, Roman"]
[Black "Schwarz, Jan"]
[Result "1/2-1/2"]
[WhiteElo "2208"]
[BlackElo "2255"]
[Annotator "048"]
[PlyCount "73"]
[EventDate "2010.??.??"]
[EventType "corr"]
[SourceDate "2002.06.29"]

1. d4 Nf6 2. c4 g6 3. Nc3 d5 4. Nf3 a6 5. cxd5 Nxd5 6. e4 Nxc3 7. bxc3 c5 8.
Be2 cxd4 9. cxd4 Bg7 10. O-O O-O 11. Rb1 b5 12. a4 Bb7 13. Qd3 Nd7 14. Bg5 h6
15. Be3 Nf6 16. Nd2 Bc6 17. Rfc1 Bd7 18. Qa3 bxa4 19. f3 e6 20. g3 Re8 21. Bd1
Bf8 22. Qa1 a3 23. Nc4 Qe7 24. Bf4 Bb5 25. Bd6 Qd8 26. Bxa3 Bxa3 27. Nxa3 Qa5
28. Qc3 Qxc3 29. Rxc3 Red8 30. Rb4 Be8 31. Kf2 a5 32. Rbc4 a4 33. Ke3 Kg7 34.
Rc7 Rd7 35. Rxd7 Nxd7 36. Kd3 f5 37. e5 1/2-1/2

[Event "9MCR_4D_1L_2S"]
[Site "?"]
[Date "2010.??.??"]
[Round "?"]
[White "Kudr, Roman"]
[Black "Trs, Jan"]
[Result "1-0"]
[WhiteElo "2208"]
[BlackElo "2162"]
[Annotator "073"]
[PlyCount "95"]
[EventDate "2010.??.??"]
[EventType "corr"]
[SourceDate "2002.06.29"]

1. d4 Nf6 2. c4 e6 3. Nc3 Bb4 4. Qc2 O-O 5. a3 Bxc3+ 6. Qxc3 b6 7. Bg5 Bb7 8.
f3 h6 9. Bh4 d5 10. e3 Nbd7 11. cxd5 Nxd5 12. Bxd8 Nxc3 13. Bh4 Nd5 14. Bf2 c5
15. e4 N5f6 16. Ne2 Rac8 17. Nc3 cxd4 18. Bxd4 e5 19. Be3 Nc5 20. Rd1 Rfd8 21.
Rxd8+ Rxd8 22. Bxc5 bxc5 23. Na4 Rc8 24. b3 Nd7 25. Nb2 Rd8 26. Bb5 a6 27. Bxd7
Rxd7 28. Ke2 a5 29. Ke3 Ba6 30. Rc1 Rc7 31. Rc3 Kf8 32. Nd3 Bxd3 33. Kxd3 Ke7
34. Kc4 Rd7 35. Kb5 Rd2 36. Kxa5 Rxg2 37. Kb6 Rxh2 38. a4 Rb2 39. Kxc5 h5 40.
a5 Ra2 41. Kb6 h4 42. a6 h3 43. a7 Ra3 44. Rc7+ Kf6 45. b4 Ra1 46. Rc8 Kg5 47.
Rh8 Kf4 48. Rxh3 1-0

[Event "9MCR_4D_1L_2S"]
[Site "?"]
[Date "2010.??.??"]
[Round "?"]
[White "Kuta, Miroslav"]
[Black "Cerveny, Libor"]
[Result "1/2-1/2"]
[WhiteElo "2285"]
[BlackElo "2050"]
[Annotator "016"]
[PlyCount "79"]
[EventDate "2010.??.??"]
[EventType "corr"]
[SourceDate "2002.06.29"]

1. d4 d5 2. c4 c6 3. Nc3 dxc4 4. e4 b5 5. a4 b4 6. Na2 Nf6 7. e5 Nd5 8. Bxc4 e6
9. Nf3 Be7 10. Bd2 Ba6 11. b3 O-O 12. O-O Qa5 13. Rc1 Rc8 14. Qe1 Qb6 15. Qe4
Nd7 16. Qg4 Rab8 17. Bg5 Bf8 18. Nd2 Qb7 19. Bh6 c5 20. Ne4 Bxc4 21. Rxc4 cxd4
22. Nd6 Qa8 23. Rxc8 Rxc8 24. Nxc8 Qxc8 25. Bd2 Qc2 26. Nxb4 Bxb4 27. Bxb4 Nxe5
28. Qg5 Nc6 29. Rc1 Qxb3 30. Bd2 Qxa4 31. Qg3 Nde7 32. Bg5 Qb4 33. Bxe7 Nxe7
34. Ra1 f6 35. Qa3 Qxa3 36. Rxa3 e5 37. Rxa7 Kf7 38. Kf1 Ke6 39. Ra6+ Kd5 40.
Ke2 1/2-1/2

[Event "9MCR_4D_1L_2S"]
[Site "?"]
[Date "2010.??.??"]
[Round "?"]
[White "Kuta, Miroslav"]
[Black "Hostinsky, Jiri"]
[Result "1-0"]
[WhiteElo "2285"]
[BlackElo "2381"]
[Annotator "060"]
[PlyCount "65"]
[EventDate "2010.??.??"]
[EventType "corr"]
[SourceDate "2002.06.29"]

1. d4 Nf6 2. c4 g6 3. Nc3 Bg7 4. e4 d6 5. Nf3 O-O 6. h3 e5 7. d5 a5 8. Bg5 Na6
9. Nd2 c6 10. Be2 h6 11. Be3 Nd7 12. g4 Ndc5 13. Nb3 Bd7 14. Nxc5 Nxc5 15. f3
cxd5 16. Nxd5 Bc6 17. Qd2 Ne6 18. h4 a4 19. h5 gxh5 20. Bb6 Qd7 21. Ne3 Ra6 22.
Qb4 hxg4 23. Nxg4 f5 24. Nxh6+ Bxh6 25. Rxh6 fxe4 26. Kd2 exf3 27. Rg1+ Ng7 28.
Bd3 Rf4 29. Bh7+ Kf8 30. Bf2 Bd5 31. Bd3 Bg8 32. Rgg6 e4 33. Bh4 1-0

[Event "9MCR_4D_1L_2S"]
[Site "?"]
[Date "2010.??.??"]
[Round "?"]
[White "Kuta, Miroslav"]
[Black "Kudr, Roman"]
[Result "1/2-1/2"]
[WhiteElo "2285"]
[BlackElo "2208"]
[Annotator "053"]
[PlyCount "71"]
[EventDate "2010.??.??"]
[EventType "corr"]
[SourceDate "2002.06.29"]

1. d4 d5 2. c4 c6 3. Nc3 Nf6 4. Nf3 e6 5. e3 Nbd7 6. Qc2 Bd6 7. g4 h6 8. Rg1 e5
9. cxd5 cxd5 10. Nb5 Bb8 11. Bd2 e4 12. g5 exf3 13. gxf6 Nxf6 14. Bb4 g5 15.
Rc1 Bd7 16. h3 a6 17. Nc3 Qb6 18. Bc5 Qe6 19. Qd1 Qf5 20. Rh1 Ne4 21. Bd3 Nxc3
22. Rxc3 Qf6 23. Qb3 Bc6 24. Kd2 Bc7 25. Kc1 a5 26. Bb5 Bxb5 27. Qxb5+ Qc6 28.
Qb3 b6 29. Ba3 Qd7 30. Kb1 Bd8 31. Qd1 b5 32. Bc5 b4 33. Rc1 Qf5+ 34. Ka1 Rc8
35. Qa4+ Qd7 36. Qd1 1/2-1/2

[Event "9MCR_4D_1L_2S"]
[Site "?"]
[Date "2010.??.??"]
[Round "?"]
[White "Kuta, Miroslav"]
[Black "Nedoma, Petr"]
[Result "1/2-1/2"]
[WhiteElo "2285"]
[BlackElo "2285"]
[Annotator "003"]
[PlyCount "47"]
[EventDate "2010.??.??"]
[EventType "corr"]
[SourceDate "2002.06.29"]

1. d4 Nf6 2. c4 e6 3. Nf3 d5 4. Nc3 c6 5. e3 Nbd7 6. Qc2 b6 7. Bd3 Bb7 8. O-O
Bd6 9. e4 dxe4 10. Nxe4 Nxe4 11. Bxe4 h6 12. Re1 O-O 13. Be3 f5 14. Bd3 c5 15.
d5 exd5 16. cxd5 Qf6 17. Rad1 Rae8 18. Bd2 Rxe1+ 19. Rxe1 Ne5 20. Nxe5 Bxe5 21.
Bc4 Rd8 22. Bc3 Bxc3 23. Qxc3 Qxc3 24. bxc3 1/2-1/2

[Event "9MCR_4D_1L_2S"]
[Site "?"]
[Date "2010.??.??"]
[Round "?"]
[White "Kuta, Miroslav"]
[Black "Strnad, Jiri"]
[Result "1/2-1/2"]
[WhiteElo "2285"]
[BlackElo "2231"]
[Annotator "018"]
[PlyCount "43"]
[EventDate "2010.??.??"]
[EventType "corr"]
[SourceDate "2002.06.29"]

1. d4 Nf6 2. c4 e6 3. Nf3 d5 4. Nc3 c6 5. e3 Nbd7 6. Qc2 Bd6 7. g4 Nxg4 8. Rg1
Nxh2 9. Nxh2 Bxh2 10. Rxg7 Nf8 11. Rg2 Bd6 12. Bd2 Ng6 13. Be2 Qf6 14. O-O-O
Nh4 15. Rgg1 Nf3 16. Bxf3 Qxf3 17. cxd5 exd5 18. Qb3 b6 19. e4 Be6 20. Qa4 Bd7
21. Rde1 Kd8 22. Re3 1/2-1/2